Countries that Visit Scotland the Most - Statistics

General Stats
  • This quiz has been taken 120 times
  • The average score is 16 of 20
Answer Stats
# Visits Country % Correct
794,000 United States
100%
335,000 France
99%
201,000 Spain
96%
175,000 Canada
95%
343,000 Germany
95%
119,000 Italy
95%
200,000 Ireland
90%
280,000 Netherlands
88%
58,341 China
85%
73,222 Sweden
83%
98,415 Belgium
81%
83,351 Norway
81%
82,790 Poland
80%
189,000 Australia
77%
65,522 Denmark
76%
61,532 India
68%
110,000 Switzerland
68%
38,446 New Zealand
65%
42,527 Romania
41%
47,267 United Arab Emirates
14%
No matching quizzes found
Score Distribution
Percent of People with Each Score
Percentile by Number Answered
Your Score History
You have not taken this quiz